| 000 | 00473cam a2200193 4500 | ||
|---|---|---|---|
| 001 | D5354 | ||
| 008 | 090401t1984 xxu||||| |||| 00| 0 eng d | ||
| 035 | _a(Sirsi) u45787 | ||
| 041 | _aeng | ||
| 050 | _a333.33 | ||
| 100 | _aHancock, Peter | ||
| 245 | _aBuilding costs and contracts | ||
| 260 |
_aReading _bCollege of Estate Management _c1984 |
||
| 300 | _a95p. 25cm | ||
| 350 | _a0 | ||
| 490 |
_aProperty Development Library _v2 |
||
| 942 | _n0 | ||
| 948 | _c04/03/1997 | ||
| 999 |
_c91827 _d91827 |
||